Kiszolgáltatva a világnak vagy bezárva önmagába? Nézőpontok és kommunikációzavar Kosztolányi Dezső Aranysárkány című regényében

Elmentve itt :
Bibliográfiai részletek
Szerző: Vida Beatrix
További közreműködők: Olasz Sándor (Témavezető)
Dokumentumtípus: Szakdolgozat
Megjelent: 2007
Tárgyszavak:
Online Access:http://diploma.bibl.u-szeged.hu/45360
LEADER 00638nta a2200157 i 4500
001 dipl45360
005 20141107095428.0
008 141107s2007 hu om 0|| zxx d
040 |a SZTE Diploma Repozitórium  |b hun 
041 |a zxx 
100 1 |a Vida Beatrix 
245 1 0 |a Kiszolgáltatva a világnak vagy bezárva önmagába? Nézőpontok és kommunikációzavar Kosztolányi Dezső Aranysárkány című regényében  |h [elektronikus dokumentum] /  |c Beatrix Vida 
260 |c 2007 
650 4 |a Bölcsészettudományok 
700 1 |a Olasz Sándor  |e ths 
856 4 0 |u http://diploma.bibl.u-szeged.hu/id/eprint/45360/1/2007_vida_beatrix.pdf  |z Dokumentum-elérés